000 00939nam a2200217 4500
001 6006
010 _a9728786174
090 _a6006
100 _a20211231d2003 m||y0pory5003 ba
200 1 _aO meu aniversário
_fPilar Ramos
_gil. Maria Rosa Aragó
210 _aSetúbal
_cMarina Editores
_d2003
215 _a32 p.
_cil.
225 2 _aPrimeiras leituras
_eEvitar riscos
330 _aO MEU ANIVERSÁRIO. Hoje o Max faz anos. Ofereceram-lhe um fato de astronauta e vai festejar com os pais e os amigos. Mas este conto demonstra que, para além das festas e dos presentes, o importante dos aniversários é crescer, saber cada dia mais coisas e, sobretudo, aprender a cuidar-se sozinho e a evitar riscos desnecessários.
606 _929
_aPublicação para crianças
675 _a087.5
_vBN
_zpor
700 _aRamos
_bPilar
_95503
702 _aAragó
_bMaria Rosa
_95688
801 0 _aPT
_bBMVN
_gRPC
830 _cInês Silva
_d31/12/2021
990 _cLIVROS